000 00947nam a2200145 4500
999 _c2724
_d2724
020 _a812192099
050 _aHF 5657.4
100 _aB. Charumathi
110 _aN. Vinayakam
245 _aFinancial accounting
260 _aNew Delhi
_bS. Chand & Company
_c2002
300 _axii, 764 p
505 _aintroduction Subsidiary books - I Subsidiary books - II Trial Balance and rectification of errors Bank reconciliation statement capital and revenue expenditure Final Accounts Depreciation accounting Bills of exchange Average due date and account current Consignment Joint venture Self balancing and sectional balancing Single entry system Insurance claim Insolvency accounts Goods on sale or return basis Royalty accounts Accounts of non-trading concerns Hire purchase and instalment system Branch and departmental accounts Partnership accounts Partnership accounts II Investment voyage and contract accounts
942 _cBK